Normal view
MARC view
Entry Topical Term
001 - CONTROL NUMBER
- control field: 2737
003 - CONTROL NUMBER IDENTIFIER
- control field: ARRUPE
005 - DATE AND TIME OF LATEST TRANSACTION
- control field: 20131023121118.0
008 - FIXED-LENGTH DATA ELEMENTS
- fixed length control field: 131023|| aca||aabn | a|a d
040 ## - CATALOGING SOURCE
- Original cataloging agency: ARRUPE
- Transcribing agency: ARRUPE
150 ## - HEADING--TOPICAL TERM
- Topical term or geographic name as entry element: Physics
- General subdivision: Philosophy.
670 ## - SOURCE DATA FOUND
- Source citation: Work cat.: (ARRUPE)0: Colodny, Robert Garland, editor. 2735, Beyond the edge of certainty;, [1965]